Odpočítanie dane pri použití tovarov a služieb na podnikanie ako aj iný účel - zmeny od 1. januára 2016

Od 1. januára 2016 novela o DPH stanovuje kritériá pre určenie pomeru použitia tovarov a služieb na podnikanie ako aj na iný účel ako na podnikanie, a to osobitne pre hmotný majetok a služby a osobitne pre investičný majetok - nehnuteľnosti. Praktické príklady odpočítania dane.

Enregistré dans:
Détails bibliographiques
Auteur principal: Rabatinová, Marcela, 1977-
Format: Chapitre de livre
Langue:slovaque
Sujets:
Tags: Ajouter un tag
Pas de tags, Soyez le premier à ajouter un tag!

MARC

LEADER 00000naa a2200000 4500
001 0213619
005 20240502073550.7
041 0 |a slo 
044 |a SK 
245 1 0 |a Odpočítanie dane pri použití tovarov a služieb na podnikanie ako aj iný účel - zmeny od 1. januára 2016  |c Marcela Rabatinová 
520 |a Od 1. januára 2016 novela o DPH stanovuje kritériá pre určenie pomeru použitia tovarov a služieb na podnikanie ako aj na iný účel ako na podnikanie, a to osobitne pre hmotný majetok a služby a osobitne pre investičný majetok - nehnuteľnosti. Praktické príklady odpočítania dane. 
610 2 0 |a dane z hodnoty pridanej 
610 2 0 |a odpočet dane 
610 2 0 |a daňovníci 
610 2 0 |a podnikanie 
610 2 0 |a majetok hmotný 
610 2 0 |a majetok investičný 
610 2 0 |a legislatíva 
100 1 |a Rabatinová, Marcela, 1977-